|
|
|
|
| LEADER |
00992nam a2200277 a 4500 |
| 001 |
2115456 |
| 008 |
100524s1995 ii 001 0 eng d |
| 010 |
|
|
|a 96163149
|
| 020 |
|
|
|a 0195642716
|
| 020 |
|
|
|a 0195635884
|
| 040 |
|
|
|a DLC
|c DLC
|d DLC
|d DB-DhAAL
|
| 082 |
0 |
0 |
|a 320.954
|2 21
|
| 245 |
0 |
0 |
|a Creating a nationality :
|b the Ramjanmabhumi movement and fear of the self /
|c Ashis Nandy ... [et al.].
|
| 260 |
|
|
|a Delhi :
|b Oxford University Press,
|c 1995.
|
| 300 |
|
|
|a 212 p. ;
|c 23 cm.
|
| 504 |
|
|
|a Includes index.
|
| 541 |
1 |
|
|e 00020302
|
| 650 |
|
0 |
|a Communalism
|z India.
|
| 650 |
|
0 |
|a Nationalism
|z India.
|
| 650 |
|
0 |
|a Hindus
|z India.
|
| 650 |
|
0 |
|a Muslims
|z India.
|
| 610 |
2 |
0 |
|a Babari Masjid (Faizabad, India)
|x History.
|
| 700 |
1 |
|
|a Nandy, Ashis.
|
| 852 |
4 |
|
|a Ayesha Abed Library
|j General Shelf.
|
| 999 |
|
|
|c 8696
|d 8696
|
| 952 |
|
|
|0 0
|1 0
|2 ddc
|4 0
|6 320_954000000000000_CRE_1995
|7 0
|9 10466
|a BRACUL
|b BRACUL
|c GEN
|d 2010-05-24
|l 1
|o 320.954 CRE
|p 3010020302
|r 2013-06-06
|s 2013-05-19
|t 1
|w 2010-05-24
|y BK
|